Govt. of
Madhya Pradesh

भारत में संसदीय राजनीति भाग-3 (Record no. 62032)

MARC details
000 -LEADER
fixed length control field 00492nam a22001457a 4500
003 - CONTROL NUMBER IDENTIFIER
control field MACL
005 - DATE AND TIME OF LATEST TRANSACTION
control field 20200212163353.0
008 - FIXED-LENGTH DATA ELEMENTS--GENERAL INFORMATION
fixed length control field 200212b xxu||||| |||| 00| 0 eng d
040 ## - CATALOGING SOURCE
Transcribing agency MACL
100 ## - MAIN ENTRY--PERSONAL NAME
Personal name जैन,प्रो. धर्मचन्‍द
9 (RLIN) 78150
245 ## - TITLE STATEMENT
Title भारत में संसदीय राजनीति भाग-3
260 ## - PUBLICATION, DISTRIBUTION, ETC. (IMPRINT)
Place of publication, distribution, etc. जयपुर
Name of publisher, distributor, etc. आर बी एस ए पब्लि
Date of publication, distribution, etc. 2014
650 ## - SUBJECT ADDED ENTRY--TOPICAL TERM
Topical term or geographic name as entry element राजनिति
9 (RLIN) 36464
942 ## - ADDED ENTRY ELEMENTS (KOHA)
Source of classification or shelving scheme
Koha item type Hindi Books
Holdings
Withdrawn status Lost status Source of classification or shelving scheme Damaged status Not for loan Home library Current library Date acquired Cost, normal purchase price Total Checkouts Full call number Barcode Date last seen Price effective from Koha item type Date last checked out
          MACL MACL 12/02/2020 3000.00   320 CRH038070 12/02/2020 12/02/2020 Hindi Books  
          MACL MACL 12/02/2020 3000.00 1 320 CRH038071 22/09/2020 12/02/2020 Hindi Books 06/03/2020